000 00426nam a22001697a 4500
005 20230128133109.0
008 210219b ||||| |||| 00| 0 eng d
020 _a81-85731-13-6
041 _aeng
082 _a615.1
_bMIT-T
100 _aMITHAL, B.M.
_96387
245 _aA TEXTBOOK OF FORENSIC PHARMACY
260 _aDELHI
_bVALLABH PRAKASHAN
_c1999
300 _a238,p
650 _aPHARMACY
_xD.PHARMA
_97090
942 _cBK
999 _c7470
_d7468